Pozycja Personal Name
Liczba rekordów, w których użyto hasła: 2
001 - Numer kontrolny
- control field: 40313
003 - Identyfikator numeru kontrolnego
- control field: NUKAT
005 - Data i czas ostatniej modyfikacji
- control field: 20260420061851.0
008 - Dane kontrolne kodowane (40 znaków)
- fixed length control field: 990709n||a|znnaabn |a aaa |c
010 ## - Numer kontrolny Biblioteki Kongresu
- numer kontrolny LC: n 99035431
024 7# - OTHER STANDARD IDENTIFIER
- Standard number or code: 24733780
- Source of number or code: viaf
024 7# - OTHER STANDARD IDENTIFIER
- Standard number or code: 0000000081035846
- Source of number or code: isni
024 7# - OTHER STANDARD IDENTIFIER
- Standard number or code: Q2719214
- Source of number or code: wikidata
040 ## - Instytucja sporządzająca rekord
- inst. przygot. dane do rek. khw: LUBL U/PK
- język haseł przedmiotowych/tezaurus: kaba
- inst. wprow. rek. khw: LUBL U/PK
- inst. modyf. rek. khw: TOR U/DA
- inst. modyf. rek. khw: LUBL M/mm
- inst. modyf. rek. khw: WA U/76JM
- inst. modyf. rek. khw: WA U/BM
- inst. modyf. rek. khw: POZN U/AnK
- inst. modyf. rek. khw: Ł U/ks
- inst. modyf. rek. khw: WR U/jm
- inst. modyf. rek. khw: PZ 001/LPs
- inst. modyf. rek. khw: WA U/DUN8MJK
- inst. modyf. rek. khw: PZ 001/JC
100 1# - Hasło - nazwa osobowa
- nazwa osobowa w formie ujednoliconej: Chodźko, Leonard
- daty biograficzne: (1800-1871).
400 1# - Trop zob. - nazwa osobowa
- nazwa osobowa (nazwisko, imiona): Chodzko, Léonard.
400 1# - Trop zob. - nazwa osobowa
- nazwa osobowa (nazwisko, imiona): Chodźko, Leonard Jakub Borejko.
400 1# - Trop zob. - nazwa osobowa
- nazwa osobowa (nazwisko, imiona): Chodźko, L. J. B.
400 0# - Trop zob. - nazwa osobowa
- nazwa osobowa (nazwisko, imiona): Hrabia d'Angeberg.
400 0# - Trop zob. - nazwa osobowa
- nazwa osobowa (nazwisko, imiona): Le-Ch.
400 1# - Trop zob. - nazwa osobowa
- nazwa osobowa (nazwisko, imiona): D'Angeberg.
400 1# - Trop zob. - nazwa osobowa
- nazwa osobowa (nazwisko, imiona): Chodzko, Lionardo.
400 0# - Trop zob. - nazwa osobowa
- nazwa osobowa (nazwisko, imiona): Bronisław Polski.
400 1# - Trop zob. - nazwa osobowa
- nazwa osobowa (nazwisko, imiona): Chodźko, L.
400 1# - Trop zob. - nazwa osobowa
- nazwa osobowa (nazwisko, imiona): Chodzko, Ld.
400 1# - Trop zob. - nazwa osobowa
- nazwa osobowa (nazwisko, imiona): Angeberg, Le Comte d'.
400 0# - Trop zob. - nazwa osobowa
- nazwa osobowa (nazwisko, imiona): Comte d'Angeberg.
400 1# - Trop zob. - nazwa osobowa
- nazwa osobowa (nazwisko, imiona): Angeberg, Comte d'.
400 1# - Trop zob. - nazwa osobowa
- nazwa osobowa (nazwisko, imiona): Boreyko-Chodźko, Leonard.
400 1# - Trop zob. - nazwa osobowa
- nazwa osobowa (nazwisko, imiona): Chodźko, Leonard Boreyko.
670 ## - Źródło informacji
- źródło informacji: La Pologne historique, littéraire, monumentale et illustrée ou [...] réd. par [...] sous la direcktion de Léonard Chodzko. - 5 ed. - [Paris, 1845?].
670 ## - Źródło informacji
- źródło informacji: Kp. Notice biographique sur Joachim Lelewel / [Le.-Ch.]. - 4 éd. corrigée. - Paris, 1834.
670 ## - Źródło informacji
- źródło informacji: Recueil des traités, conventions et actes diplomatiques concernant la Pologne 1762-1862 / par la comte d'Angeberg. - Paris, 1862.
670 ## - Źródło informacji
- źródło informacji: Kp. Histoire des Légions polonaises en Italie, sous le commandement du général Dombrowski. T. 1-2 / par Léonard Chodźko. - Paris, 1829.
670 ## - Źródło informacji
- źródło informacji: Kp. Relazione storica, politica, geografica, legislativa, scientifica, letteraria &c della Pollonia antica e moderna. T. 1 / ultimamente pubblicata per le cure di Lionardo Chodzko. - Livorno, 1831.
670 ## - Źródło informacji
- źródło informacji: NKor.
670 ## - Źródło informacji
- źródło informacji: Kp. Notice biographique sur Joachim Lelevel. 4. éd. corr. / [Le-Ch.]. - Paris, 1834.
670 ## - Źródło informacji
- źródło informacji: BNF-NA
670 ## - Źródło informacji
- źródło informacji: PSB
670 ## - Źródło informacji
- źródło informacji: NEP. - 1995
670 ## - Źródło informacji
- źródło informacji: Thadé Reyten [Dokument ikonograficzny] / James Hopwood sc. - [Paris, 1841].
- gdzie znaleziono informację: Red.
670 ## - Źródło informacji
- źródło informacji: Kp. Tableau de l'Europe Orientale ou recherches historiques et statistiques sur les peuples d'origine slave, magyare et roumanie / par N.-A. Kubalski. - Paris, 1854.
- gdzie znaleziono informację: Oprac.
670 ## - Źródło informacji
- źródło informacji: Le Congrès de Vienne et les traités de 1815. - Paris, [1863].
- gdzie znaleziono informację: Wyd. (Comte d'Angeberg)
670 ## - Źródło informacji
- źródło informacji: Kp. Rodowod domu xiążąt z Kozielska Ogińskich / ułożył Leonard Boreyko-Chodźko. - W Paryżu, 1858.